[Event "MCR druzstev mladsich zaku 2019"]
[Site "Trest"]
[Date "2019.06.15"]
[Round "7.14"]
[White "Bouska, Jiri"]
[Black "Soucek, Jan"]
[Result "0-1"]
[BlackElo "1595"]
[WhiteElo "1620"]
[LiveChessVersion "1.4.8"]

1. e4 {[%clk 0:25:15]} e5 {[%clk 0:25:14]} 2. Nf3 {[%clk 0:25:17]} Nc6
{[%clk 0:25:21]} 3. Bb5 {[%clk 0:25:23]} Nge7 {[%clk 0:24:40]} 4. O-O
{[%clk 0:25:25]} g6 {[%clk 0:24:46]} 5. c3 {[%clk 0:25:27]} Bg7 {[%clk 0:24:52]}
6. d3 {[%clk 0:25:24]} O-O {[%clk 0:24:54]} 7. Be3 {[%clk 0:25:24]} d6
{[%clk 0:24:45]} 8. h3 {[%clk 0:25:26]} h6 {[%clk 0:24:52]} 9. d4
{[%clk 0:25:22]} a6 {[%clk 0:23:28]} 10. Ba4 {[%clk 0:25:05]} b5 {[%clk 0:23:13]}
11. Bb3 {[%clk 0:25:09]} Qe8 {[%clk 0:22:58]} 12. a4 {[%clk 0:24:58]} Rb8
{[%clk 0:22:53]} 13. axb5 {[%clk 0:24:48]} axb5 {[%clk 0:22:58]} 14. d5
{[%clk 0:24:48]} Nd8 {[%clk 0:22:47]} 15. Ra7 {[%clk 0:24:47]} Bb7
{[%clk 0:20:26]} 16. Na3 {[%clk 0:23:15]} f5 {[%clk 0:13:00]} 17. exf5
{[%clk 0:22:32]} Nxf5 {[%clk 0:13:01]} 18. Qe2 {[%clk 0:22:05]} b4
{[%clk 0:10:58]} 19. cxb4 {[%clk 0:21:50]} e4 {[%clk 0:09:20]} 20. Nd2
{[%clk 0:20:37]} Nd4 {[%clk 0:07:58]} 21. Bxd4 {[%clk 0:20:33]} Bxd4
{[%clk 0:08:00]} 22. Qxe4 {[%clk 0:20:33]} Qxe4 {[%clk 0:07:49]} 23. Nxe4
{[%clk 0:20:39]} Bxa7 {[%clk 0:07:55]} 24. Nb5 {[%clk 0:19:51]} Bb6
{[%clk 0:08:00]} 25. g4 {[%clk 0:19:25]} Rf3 {[%clk 0:07:28]} 26. Bd1
{[%clk 0:18:36]} Rf4 {[%clk 0:07:37]} 27. Nec3 {[%clk 0:17:49]} Kg7
{[%clk 0:07:15]} 28. Na4 {[%clk 0:16:57]} Ba6 {[%clk 0:07:04]} 29. Nac3
{[%clk 0:16:43]} Nf7 {[%clk 0:06:42]} 30. Be2 {[%clk 0:16:07]} Bxb5
{[%clk 0:06:03]} 31. Bxb5 {[%clk 0:15:58]} Ne5 {[%clk 0:06:02]} 32. Kg2
{[%clk 0:15:35]} Rbf8 {[%clk 0:06:06]} 33. Nd1 {[%clk 0:15:25]} Rxb4
{[%clk 0:05:47]} 34. Be2 {[%clk 0:15:10]} Rd4 {[%clk 0:05:10]} 35. Ne3
{[%clk 0:15:08]} Rd2 {[%clk 0:05:03]} 36. Bb5 {[%clk 0:14:37]} Bxe3
{[%clk 0:05:05]} 37. Kg3 {[%clk 0:14:43]} Bxf2+ {[%clk 0:07:09]} 38. Kg2
{[%clk 0:14:43]} Bh4+ {[%clk 0:06:56]} 39. Kg1 {[%clk 0:14:48]} Nf3+
{[%clk 0:07:00]} 40. Rxf3 {[%clk 0:14:50]} Rxf3 {[%clk 0:07:05]} 41. Bf1
{[%clk 0:14:42]} Rff2 {[%clk 0:07:08]} 42. b4 {[%clk 0:14:47]} Bg3
{[%clk 0:07:17]} 43. Be2 {[%clk 0:14:44]} Rb2 {[%clk 0:07:15]} 44. b5
{[%clk 0:14:49]} Rb1+ {[%clk 0:07:15]} 45. Bd1 {[%clk 0:14:47]} Rxd1#
{[%clk 0:07:20]} 0-1

[Event "MCR druzstev mladsich zaku 2019"]
[Site "Trest"]
[Date "2019.06.15"]
[Round "7.15"]
[White "Svoboda, Daniel"]
[Black "Janouskova, Adela"]
[Result "1-0"]
[BlackElo "1457"]
[WhiteElo "1458"]
[LiveChessVersion "1.4.8"]

1. e4 {[%clk 0:25:19]} c5 {[%clk 0:25:18]} 2. Nf3 {[%clk 0:25:28]} d6
{[%clk 0:25:26]} 3. d4 {[%clk 0:25:37]} cxd4 {[%clk 0:25:35]} 4. Nxd4
{[%clk 0:25:46]} Nf6 {[%clk 0:25:43]} 5. Nc3 {[%clk 0:25:54]} g6 {[%clk 0:25:50]}
6. Be3 {[%clk 0:25:57]} Bg7 {[%clk 0:25:57]} 7. f3 {[%clk 0:26:05]} O-O
{[%clk 0:25:59]} 8. Qd2 {[%clk 0:26:05]} Nc6 {[%clk 0:26:06]} 9. Bc4
{[%clk 0:25:31]} Bd7 {[%clk 0:26:08]} 10. Bb3 {[%clk 0:25:34]} Re8
{[%clk 0:23:54]} 11. h4 {[%clk 0:24:33]} h5 {[%clk 0:23:49]} 12. O-O-O
{[%clk 0:23:35]} Rc8 {[%clk 0:23:54]} 13. Bh6 {[%clk 0:20:37]} a6
{[%clk 0:22:43]} 14. Bxg7 Kxg7 {[%clk 0:22:52]} 15. Rdg1 {[%clk 0:19:27]} b5
{[%clk 0:22:53]} 16. g4 {[%clk 0:16:02]} Qb6 {[%clk 0:20:24]} 17. Nf5+
{[%clk 0:12:39]} gxf5 {[%clk 0:12:15]} 18. gxf5+ {[%clk 0:12:45]} Kh7
{[%clk 0:11:47]} 19. Bxf7 {[%clk 0:12:40]} Rf8 {[%clk 0:08:30]} 20. Bg6+
{[%clk 0:12:31]} Kg8 {[%clk 0:07:54]} 21. Qh6 {[%clk 0:12:24]} Bxf5
{[%clk 0:03:49]} 22. Bxh5+ {[%clk 0:12:07]} Ng4 {[%clk 0:03:33]} 23. Bxg4
{[%clk 0:12:01]} Kf7 {[%clk 0:02:01]} 24. Bxf5 {[%clk 0:11:48]} Ke8
{[%clk 0:01:59]} 25. Bxc8 {[%clk 0:11:37]} 1-0

[Event "MCR druzstev mladsich zaku 2019"]
[Site "Trest"]
[Date "2019.06.15"]
[Round "7.16"]
[White "Stary, Vojtech"]
[Black "Tesar, Jakub"]
[Result "1-0"]
[BlackElo "1528"]
[WhiteElo "1330"]
[LiveChessVersion "1.4.8"]

1. e4 {[%clk 0:25:18]} c5 {[%clk 0:25:18]} 2. Nf3 {[%clk 0:25:26]} Nc6
{[%clk 0:25:26]} 3. d4 {[%clk 0:25:33]} cxd4 {[%clk 0:25:32]} 4. Nxd4
{[%clk 0:25:40]} g6 {[%clk 0:25:39]} 5. Nc3 {[%clk 0:25:41]} Bg7 {[%clk 0:25:43]}
6. Be3 {[%clk 0:25:46]} Nf6 {[%clk 0:25:29]} 7. Bc4 {[%clk 0:25:52]} d6
{[%clk 0:25:30]} 8. Bb3 {[%clk 0:25:57]} O-O {[%clk 0:25:15]} 9. Qd2
{[%clk 0:25:59]} Ng4 {[%clk 0:25:15]} 10. Nxc6 {[%clk 0:24:50]} bxc6
{[%clk 0:25:20]} 11. Bf4 {[%clk 0:23:18]} Ba6 {[%clk 0:24:19]} 12. f3
{[%clk 0:23:04]} Ne5 {[%clk 0:24:13]} 13. Bh6 {[%clk 0:20:50]} Qb6
{[%clk 0:19:00]} 14. Bxg7 {[%clk 0:20:22]} Kxg7 {[%clk 0:19:05]} 15. h4
{[%clk 0:16:48]} h5 {[%clk 0:18:22]} 16. f4 {[%clk 0:16:06]} Ng4 {[%clk 0:17:25]}
17. f5 {[%clk 0:14:10]} Qe3+ {[%clk 0:14:37]} 18. Qxe3 {[%clk 0:13:59]} Nxe3
{[%clk 0:14:37]} 19. fxg6 {[%clk 0:13:33]} fxg6 {[%clk 0:14:39]} 20. g3
{[%clk 0:13:05]} Bc4 {[%clk 0:13:37]} 21. Bxc4 {[%clk 0:12:30]} Nxc4
{[%clk 0:13:38]} 22. b3 {[%clk 0:12:32]} Ne5 {[%clk 0:13:00]} 23. Rf1
{[%clk 0:11:14]} Rxf1+ {[%clk 0:12:35]} 24. Kxf1 {[%clk 0:11:22]} Rf8+
{[%clk 0:12:38]} 25. Kg2 {[%clk 0:11:19]} Rf3 {[%clk 0:11:37]} 26. Nd1
{[%clk 0:09:42]} Kf7 {[%clk 0:10:24]} 27. Nf2 {[%clk 0:09:34]} Rc3
{[%clk 0:08:31]} 28. Rc1 {[%clk 0:09:18]} Ng4 {[%clk 0:07:53]} 29. Nxg4
{[%clk 0:09:10]} hxg4 {[%clk 0:08:01]} 30. Rf1+ {[%clk 0:09:11]} Ke6
{[%clk 0:07:53]} 31. Rf2 {[%clk 0:08:51]} Ke5 {[%clk 0:07:53]} 32. Re2
{[%clk 0:08:48]} Kd4 {[%clk 0:07:00]} 33. Kf2 {[%clk 0:08:25]} Rf3+
{[%clk 0:06:41]} 34. Kg2 {[%clk 0:08:30]} Re3 {[%clk 0:06:47]} 35. Rd2+
{[%clk 0:07:40]} Kxe4 {[%clk 0:06:45]} 36. Kf2 {[%clk 0:07:37]} Rf3+
{[%clk 0:06:18]} 37. Kg2 {[%clk 0:07:44]} d5 {[%clk 0:05:42]} 38. Re2+
{[%clk 0:07:49]} Re3 {[%clk 0:05:50]} 39. Rd2 {[%clk 0:07:50]} d4
{[%clk 0:05:37]} 40. Kf2 {[%clk 0:07:51]} Rf3+ {[%clk 0:05:44]} 41. Kg2
{[%clk 0:07:58]} e5 {[%clk 0:05:51]} 42. Re2+ {[%clk 0:07:52]} Re3
{[%clk 0:05:50]} 43. Rd2 {[%clk 0:07:58]} c5 {[%clk 0:05:20]} 44. Rf2
{[%clk 0:07:51]} Rc3 {[%clk 0:05:04]} 45. Re2+ {[%clk 0:07:54]} Kd5
{[%clk 0:05:04]} 46. Rd2 {[%clk 0:07:55]} e4 {[%clk 0:05:05]} 47. Re2
{[%clk 0:07:28]} d3 {[%clk 0:04:51]} 48. cxd3 {[%clk 0:06:45]} exd3
{[%clk 0:04:58]} 49. Re3 {[%clk 0:06:53]} d2 {[%clk 0:04:46]} 50. Rxc3
{[%clk 0:07:00]} d1=Q {[%clk 0:04:54]} 51. Rc4 {[%clk 0:06:56]} Qe2+
{[%clk 0:04:51]} 52. Kg1 {[%clk 0:07:04]} Qxc4 {[%clk 0:04:25]} 53. bxc4+
{[%clk 0:07:11]} Kxc4 {[%clk 0:04:34]} 54. Kf2 {[%clk 0:07:20]} Kd3
{[%clk 0:04:38]} 55. Ke1 {[%clk 0:07:27]} Kc2 {[%clk 0:04:19]} 56. Ke2
{[%clk 0:07:34]} c4 {[%clk 0:04:27]} 57. Ke3 {[%clk 0:07:41]} c3 {[%clk 0:04:35]}
58. Kf4 {[%clk 0:07:49]} Kb2 {[%clk 0:04:41]} 59. Kg5 {[%clk 0:07:57]} c2
{[%clk 0:04:47]} 60. Kxg6 {[%clk 0:08:05]} c1=Q {[%clk 0:04:46]} 61. h5
{[%clk 0:08:13]} Qc6+ {[%clk 0:04:51]} 62. Kg5 {[%clk 0:08:21]} Qe6
{[%clk 0:04:35]} 63. h6 {[%clk 0:08:29]} Qf5+ {[%clk 0:04:35]} 64. Kxf5
{[%clk 0:08:35]} 1-0

[Event "MCR druzstev mladsich zaku 2019"]
[Site "Trest"]
[Date "2019.06.15"]
[Round "7.17"]
[White "Dobsa, Emma"]
[Black "Slosar, Jan"]
[Result "1-0"]
[BlackElo "1369"]
[WhiteElo "1375"]
[LiveChessVersion "1.4.8"]

1. e4 {[%clk 0:25:15]} c5 {[%clk 0:25:19]} 2. Nf3 {[%clk 0:25:24]} Nc6
{[%clk 0:25:28]} 3. d4 {[%clk 0:25:32]} cxd4 {[%clk 0:25:37]} 4. Nxd4
{[%clk 0:25:38]} g6 {[%clk 0:25:46]} 5. Nxc6 {[%clk 0:25:44]} bxc6
{[%clk 0:25:55]} 6. Qd4 {[%clk 0:25:52]} Qa5+ {[%clk 0:25:17]} 7. Bd2
{[%clk 0:25:41]} e5 {[%clk 0:25:26]} 8. Qc4 {[%clk 0:24:37]} Qb6 {[%clk 0:24:46]}
9. Bc3 {[%clk 0:24:30]} Bg7 {[%clk 0:24:46]} 10. Nd2 {[%clk 0:24:16]} Ne7
{[%clk 0:24:09]} 11. Nf3 {[%clk 0:24:00]} O-O {[%clk 0:24:01]} 12. Nxe5
{[%clk 0:23:49]} a5 {[%clk 0:23:43]} 13. Bd3 {[%clk 0:22:54]} d5 {[%clk 0:22:59]}
14. exd5 {[%clk 0:22:30]} cxd5 {[%clk 0:23:07]} 15. Qh4 {[%clk 0:20:15]} Re8
{[%clk 0:22:20]} 16. O-O {[%clk 0:19:44]} Nf5 {[%clk 0:21:21]} 17. Qf4
{[%clk 0:16:22]} d4 {[%clk 0:20:55]} 18. Nc4 {[%clk 0:15:22]} Qc5
{[%clk 0:21:03]} 19. Bd2 {[%clk 0:15:01]} Bh6 {[%clk 0:21:09]} 20. Qf3
{[%clk 0:15:00]} Ra7 {[%clk 0:20:14]} 21. Bxf5 {[%clk 0:14:15]} Bxd2
{[%clk 0:20:02]} 22. Nxd2 {[%clk 0:13:44]} Bxf5 {[%clk 0:20:03]} 23. Rac1
{[%clk 0:13:20]} Rae7 {[%clk 0:19:45]} 24. Nb3 {[%clk 0:13:16]} Qb4
{[%clk 0:19:37]} 25. Qd5 {[%clk 0:12:25]} Re4 {[%clk 0:18:26]} 26. a3
{[%clk 0:11:28]} Qb6 {[%clk 0:18:01]} 27. Nxa5 {[%clk 0:08:58]} Rg4
{[%clk 0:16:51]} 28. Nc4 {[%clk 0:08:23]} Qa7 {[%clk 0:16:53]} 29. Nd6
{[%clk 0:08:23]} Rd8 {[%clk 0:16:10]} 30. Qc6 {[%clk 0:07:31]} Be6
{[%clk 0:13:33]} 31. Ne4 {[%clk 0:07:04]} Kg7 {[%clk 0:12:31]} 32. f3
{[%clk 0:06:11]} d3+ {[%clk 0:12:17]} 33. Kh1 {[%clk 0:05:53]} d2
{[%clk 0:11:36]} 34. Qc3+ {[%clk 0:05:41]} Qd4 {[%clk 0:10:25]} 35. Qxd4+
{[%clk 0:05:43]} Rxd4 {[%clk 0:10:31]} 36. Nxd2 {[%clk 0:05:20]} Rg5
{[%clk 0:10:21]} 37. Ne4 {[%clk 0:05:11]} Rb5 {[%clk 0:10:27]} 38. b4
{[%clk 0:05:15]} f5 {[%clk 0:10:09]} 39. Nc5 {[%clk 0:04:59]} Bc4
{[%clk 0:09:34]} 40. Rb1 {[%clk 0:04:26]} Rd2 {[%clk 0:09:17]} 41. Rfc1
{[%clk 0:04:22]} Rb8 {[%clk 0:08:35]} 42. a4 {[%clk 0:04:04]} Re8
{[%clk 0:08:28]} 43. Re1 {[%clk 0:03:28]} Red8 {[%clk 0:08:30]} 44. c3
{[%clk 0:03:05]} Rf2 {[%clk 0:08:30]} 45. Rbd1 {[%clk 0:03:02]} Rc8
{[%clk 0:07:57]} 46. a5 {[%clk 0:02:57]} Rc2 {[%clk 0:07:53]} 47. Rc1
{[%clk 0:03:05]} Rb2 {[%clk 0:07:38]} 48. a6 {[%clk 0:03:05]} Rd8
{[%clk 0:06:16]} 49. a7 {[%clk 0:02:31]} h5 {[%clk 0:04:45]} 50. Ra1
{[%clk 0:02:23]} Rdd2 {[%clk 0:03:19]} 51. a8=Q {[%clk 0:02:13]} Rxg2
{[%clk 0:03:24]} 52. Qb8 {[%clk 0:02:15]} Kh6 {[%clk 0:03:12]} 53. Qf4+
{[%clk 0:02:21]} Kg7 {[%clk 0:02:45]} 54. Rg1 {[%clk 0:02:25]} Rgf2
{[%clk 0:02:31]} 55. Rab1 {[%clk 0:02:05]} Rbc2 {[%clk 0:02:11]} 56. Rbd1
{[%clk 0:02:03]} Be2 {[%clk 0:01:31]} 57. Qd4+ {[%clk 0:02:07]} Kh6
{[%clk 0:01:32]} 58. Qxf2 {[%clk 0:02:15]} g5 {[%clk 0:01:17]} 59. Rd6+
{[%clk 0:02:12]} Kg7 {[%clk 0:01:20]} 60. Rxg5+ {[%clk 0:02:17]} Kf7
{[%clk 0:01:28]} 61. Rxf5+ {[%clk 0:02:23]} Ke7 {[%clk 0:01:34]} 62. Re6+
{[%clk 0:02:30]} Kd8 {[%clk 0:01:30]} 63. Qd4+ {[%clk 0:02:37]} Kc7
{[%clk 0:01:12]} 64. Qd7+ {[%clk 0:02:33]} Kb8 {[%clk 0:01:18]} 65. Qb7#
{[%clk 0:02:42]} 1-0

[Event "MCR druzstev mladsich zaku 2019"]
[Site "Trest"]
[Date "2019.06.15"]
[Round "7.18"]
[White "Vana, Jakub"]
[Black "Mruskovic, Ondrej"]
[Result "1-0"]
[BlackElo "1266"]
[WhiteElo "1422"]
[LiveChessVersion "1.4.8"]

1. d4 {[%clk 0:25:17]} d5 {[%clk 0:25:15]} 2. Nf3 {[%clk 0:25:23]} Nc6
{[%clk 0:25:19]} 3. Bf4 {[%clk 0:25:30]} Nf6 {[%clk 0:25:24]} 4. e3
{[%clk 0:25:37]} Bg4 {[%clk 0:25:30]} 5. Be2 {[%clk 0:25:45]} e6 {[%clk 0:25:36]}
6. Nbd2 {[%clk 0:25:49]} Bb4 {[%clk 0:25:31]} 7. c3 {[%clk 0:25:57]} Ba5
{[%clk 0:25:36]} 8. O-O {[%clk 0:25:50]} O-O {[%clk 0:25:41]} 9. Bg5
{[%clk 0:25:55]} h6 {[%clk 0:25:43]} 10. Bh4 {[%clk 0:25:54]} g5 {[%clk 0:25:41]}
11. Bg3 {[%clk 0:22:54]} a6 {[%clk 0:24:49]} 12. Ne5 {[%clk 0:23:00]} Bxe2
{[%clk 0:24:48]} 13. Qxe2 {[%clk 0:23:06]} Nxe5 {[%clk 0:24:44]} 14. Bxe5
{[%clk 0:23:13]} Bb6 {[%clk 0:23:47]} 15. Qf3 {[%clk 0:23:19]} Nd7
{[%clk 0:23:34]} 16. Qh5 {[%clk 0:22:57]} Nxe5 {[%clk 0:23:29]} 17. dxe5
{[%clk 0:23:05]} Kh7 {[%clk 0:23:28]} 18. Rae1 {[%clk 0:22:33]} Qe7
{[%clk 0:22:58]} 19. e4 {[%clk 0:21:29]} Rg8 {[%clk 0:22:54]} 20. Qg4 d4
{[%clk 0:22:07]} 21. cxd4 {[%clk 0:18:38]} Bxd4 {[%clk 0:22:11]} 22. b3
{[%clk 0:18:11]} Bxe5 {[%clk 0:21:59]} 23. Nc4 {[%clk 0:18:10]} Bd4
{[%clk 0:21:39]} 24. e5 {[%clk 0:18:12]} b5 {[%clk 0:21:21]} 25. Qxd4
{[%clk 0:18:02]} bxc4 {[%clk 0:21:24]} 26. Qxc4 {[%clk 0:18:07]} Rab8
{[%clk 0:20:52]} 27. Qxa6 {[%clk 0:18:05]} Rb6 {[%clk 0:20:51]} 28. Qc4
{[%clk 0:18:02]} Rb4 {[%clk 0:20:45]} 29. Qc3 {[%clk 0:18:04]} Rb7
{[%clk 0:20:02]} 30. Qe3 {[%clk 0:17:48]} Rd8 {[%clk 0:19:45]} 31. Qe4+
{[%clk 0:17:54]} 1-0

[Event "MCR druzstev mladsich zaku 2019"]
[Site "Trest"]
[Date "2019.06.16"]
[Round "8.1"]
[White "Werner, Hong Quan Dan"]
[Black "Finek, Vaclav"]
[Result "0-1"]
[BlackElo "2074"]
[WhiteElo "1599"]
[LiveChessVersion "1.4.8"]

1. e4 {[%clk 0:25:14]} c5 {[%clk 0:25:19]} 2. Nf3 {[%clk 0:25:15]} d6
{[%clk 0:25:28]} 3. d4 {[%clk 0:25:21]} cxd4 {[%clk 0:25:37]} 4. Nxd4
{[%clk 0:25:28]} Nf6 {[%clk 0:25:45]} 5. Nc3 {[%clk 0:25:33]} g6 {[%clk 0:25:54]}
6. Be3 {[%clk 0:25:23]} Bg7 {[%clk 0:26:01]} 7. f3 {[%clk 0:25:28]} O-O
{[%clk 0:26:07]} 8. Qd2 {[%clk 0:25:30]} Nc6 {[%clk 0:26:15]} 9. O-O-O
{[%clk 0:25:28]} Bd7 {[%clk 0:26:23]} 10. Bh6 {[%clk 0:25:01]} Nxd4
{[%clk 0:25:08]} 11. Bxg7 {[%clk 0:24:58]} Kxg7 {[%clk 0:25:16]} 12. Qxd4
{[%clk 0:25:06]} Qa5 {[%clk 0:24:51]} 13. Kb1 {[%clk 0:24:44]} Be6
{[%clk 0:22:41]} 14. b3 {[%clk 0:21:40]} Rac8 {[%clk 0:22:08]} 15. Ne2
{[%clk 0:20:45]} Rc7 {[%clk 0:17:24]} 16. Nc1 Rfc8 {[%clk 0:16:28]} 17. Bd3
{[%clk 0:18:10]} Qc5 {[%clk 0:15:26]} 18. Qg1 {[%clk 0:13:49]} Nd7
{[%clk 0:12:46]} 19. f4 {[%clk 0:12:25]} Qxg1 {[%clk 0:12:39]} 20. Rdxg1
{[%clk 0:11:16]} Nc5 {[%clk 0:12:42]} 21. c4 {[%clk 0:11:21]} Nxd3
{[%clk 0:12:19]} 22. Nxd3 {[%clk 0:11:15]} f5 {[%clk 0:10:48]} 23. Re1
{[%clk 0:07:43]} fxe4 {[%clk 0:10:43]} 24. Rxe4 {[%clk 0:07:51]} Bf5
{[%clk 0:10:51]} 25. Re3 {[%clk 0:08:00]} b5 {[%clk 0:10:42]} 26. g4
{[%clk 0:06:23]} Bxg4 {[%clk 0:09:08]} 27. Nb4 {[%clk 0:05:43]} bxc4
{[%clk 0:08:30]} 28. Nd5 {[%clk 0:05:19]} Rb7 {[%clk 0:08:27]} 29. Rc3
{[%clk 0:04:13]} cxb3 {[%clk 0:07:29]} 30. axb3 {[%clk 0:03:08]} Rxc3
{[%clk 0:07:32]} 31. Nxc3 {[%clk 0:03:16]} Rxb3+ {[%clk 0:07:27]} 32. Kc2
{[%clk 0:03:20]} Rb7 {[%clk 0:07:36]} 33. Ra1 {[%clk 0:03:14]} Bf5+
{[%clk 0:07:39]} 34. Kd2 {[%clk 0:03:04]} e6 {[%clk 0:06:26]} 35. Ke3
{[%clk 0:03:00]} d5 {[%clk 0:06:24]} 36. Kd4 {[%clk 0:03:05]} Kf6
{[%clk 0:06:23]} 37. Ra4 {[%clk 0:03:04]} a5 {[%clk 0:06:17]} 38. Rxa5
{[%clk 0:02:57]} Rb4+ {[%clk 0:06:26]} 39. Ke3 {[%clk 0:03:06]} d4+ 0-1

[Event "MCR druzstev mladsich zaku 2019"]
[Site "Trest"]
[Date "2019.06.16"]
[Round "8.2"]
[White "Nemec, Jachym"]
[Black "Sip, Marek"]
[Result "1-0"]
[BlackElo "1479"]
[WhiteElo "1940"]
[LiveChessVersion "1.4.8"]

1. e4 {[%clk 0:25:16]} c6 {[%clk 0:25:17]} 2. d4 {[%clk 0:25:23]} d5
{[%clk 0:25:23]} 3. exd5 {[%clk 0:25:32]} cxd5 {[%clk 0:25:29]} 4. c4
{[%clk 0:25:39]} Nf6 {[%clk 0:25:28]} 5. Nc3 {[%clk 0:25:47]} e6 {[%clk 0:25:09]}
6. Nf3 {[%clk 0:25:52]} a6 {[%clk 0:24:43]} 7. a3 {[%clk 0:23:31]} dxc4
{[%clk 0:24:36]} 8. Bxc4 {[%clk 0:23:38]} b5 {[%clk 0:24:41]} 9. Ba2
{[%clk 0:23:45]} Bb7 {[%clk 0:24:47]} 10. O-O {[%clk 0:23:47]} Bd6
{[%clk 0:23:04]} 11. Bg5 {[%clk 0:23:29]} Qc7 {[%clk 0:20:44]} 12. Rc1
{[%clk 0:22:22]} Qb6 {[%clk 0:18:45]} 13. d5 {[%clk 0:21:03]} exd5
{[%clk 0:09:22]} 14. Bxf6 {[%clk 0:20:31]} gxf6 {[%clk 0:09:22]} 15. Re1+
{[%clk 0:19:59]} Kf8 {[%clk 0:07:21]} 16. Bxd5 {[%clk 0:19:03]} Bxd5
{[%clk 0:05:34]} 17. Qxd5 {[%clk 0:19:08]} Ra7 {[%clk 0:05:22]} 18. Ne4
{[%clk 0:19:03]} Bc7 {[%clk 0:02:19]} 19. Qh5 {[%clk 0:18:54]} f5
{[%clk 0:01:13]} 20. Neg5 {[%clk 0:18:27]} Qg6 {[%clk 0:01:17]} 21. Qh4
{[%clk 0:18:16]} Kg7 {[%clk 0:00:30]} 22. Qd4+ {[%clk 0:18:24]} Qf6
{[%clk 0:00:17]} 23. Qxa7 {[%clk 0:18:28]} Bf4 {[%clk 0:00:25]} 24. Ne6+ 1-0

[Event "MCR druzstev mladsich zaku 2019"]
[Site "Trest"]
[Date "2019.06.16"]
[Round "8.3"]
[White "Mrkvan, Frantisek"]
[Black "Smolik, Jachym"]
[Result "0-1"]
[BlackElo "1652"]
[WhiteElo "1384"]
[LiveChessVersion "1.4.8"]

1. e4 {[%clk 0:25:18]} c5 {[%clk 0:25:19]} 2. Nf3 {[%clk 0:25:26]} e6
{[%clk 0:25:28]} 3. d4 {[%clk 0:25:34]} cxd4 {[%clk 0:25:36]} 4. Nxd4
{[%clk 0:25:41]} Qb6 {[%clk 0:25:45]} 5. Nc3 {[%clk 0:23:29]} Bc5
{[%clk 0:25:53]} 6. Na4 {[%clk 0:19:30]} Qa5+ {[%clk 0:26:00]} 7. c3
{[%clk 0:18:22]} Bxd4 {[%clk 0:26:06]} 8. Qxd4 {[%clk 0:18:30]} Nf6
{[%clk 0:26:11]} 9. Qc4 {[%clk 0:15:43]} O-O {[%clk 0:24:37]} 10. Nc5
{[%clk 0:13:58]} d5 {[%clk 0:23:25]} 11. exd5 {[%clk 0:13:29]} exd5
{[%clk 0:23:32]} 12. Qb5 {[%clk 0:12:59]} Qc7 {[%clk 0:21:45]} 13. Nb3
{[%clk 0:11:28]} b6 {[%clk 0:20:31]} 14. Qb4 {[%clk 0:08:05]} Re8+
{[%clk 0:20:15]} 15. Be3 {[%clk 0:07:09]} Nc6 {[%clk 0:20:01]} 16. Qh4
{[%clk 0:06:22]} Ng4 {[%clk 0:18:12]} 17. Qg3 {[%clk 0:04:50]} Qxg3
{[%clk 0:17:58]} 18. hxg3 {[%clk 0:04:58]} Nxe3 {[%clk 0:18:06]} 19. fxe3
{[%clk 0:05:07]} Rxe3+ {[%clk 0:18:14]} 20. Kf2 {[%clk 0:05:17]} Re6
{[%clk 0:17:59]} 21. Rd1 {[%clk 0:03:58]} Rf6+ {[%clk 0:18:04]} 22. Kg1
{[%clk 0:03:35]} Be6 {[%clk 0:17:57]} 23. Bb5 {[%clk 0:03:04]} Ne5
{[%clk 0:17:44]} 24. Nd4 {[%clk 0:02:42]} Rg6 {[%clk 0:15:13]} 25. Nxe6
{[%clk 0:01:51]} fxe6 {[%clk 0:15:17]} 26. Rh3 {[%clk 0:01:40]} Nf7
{[%clk 0:14:26]} 27. c4 {[%clk 0:01:15]} Rd8 {[%clk 0:11:40]} 28. cxd5
{[%clk 0:00:57]} exd5 {[%clk 0:11:40]} 29. Rh5 {[%clk 0:01:06]} Rgd6
{[%clk 0:10:41]} 30. Ba4 {[%clk 0:00:39]} g6 {[%clk 0:09:25]} 31. Rh4
{[%clk 0:00:37]} d4 {[%clk 0:08:56]} 32. Bb3 {[%clk 0:00:43]} Kg7
{[%clk 0:05:32]} 33. Bxf7 {[%clk 0:00:49]} Kxf7 {[%clk 0:05:41]} 34. Rxh7+
{[%clk 0:00:58]} Ke6 {[%clk 0:05:46]} 35. Rxa7 {[%clk 0:01:01]} d3
{[%clk 0:05:55]} 36. Ra3 {[%clk 0:00:30]} Kf5 {[%clk 0:05:52]} 37. Kf2
{[%clk 0:00:32]} Ke4 {[%clk 0:04:51]} 38. Re1+ {[%clk 0:00:17]} Kf5
{[%clk 0:04:57]} 39. Rd1 {[%clk 0:00:26]} b5 {[%clk 0:04:06]} 40. Ra5
{[%clk 0:00:25]} Rd5 {[%clk 0:04:09]} 41. Ke3 {[%clk 0:00:14]} Re8+
{[%clk 0:03:27]} 42. Kd2 {[%clk 0:00:14]} Re2+ {[%clk 0:03:32]} 43. Kc3
{[%clk 0:00:16]} Rc2+ {[%clk 0:03:34]} 44. Kb3 {[%clk 0:00:13]} Rxg2
{[%clk 0:03:30]} 45. Kb4 {[%clk 0:00:00]} Ke5 0-1